Cardiff BPTC 2010/2011 Big Names Quiz Stats

 Plays Quiz not verified by Sporcle

Challenge
Share
Tweet
Embed
Score 0/27 Timer 05:00
0 Plays Today
% Correct
Beth Evans
94.4%
Nick Barry
88.9%
Chris Simmonds
88.9%
Chris Stewart
77.8%
Owain James
72.2%
Jen Richardson
72.2%
Jackie Trow
72.2%
Jen Robinson
66.7%
Danielle Victor
66.7%
Andrew Hackett
66.7%
Rhys Davies
61.1%
Simon Atkinson
61.1%
Matt Phillips
61.1%
Jenenpher Parry Davies
61.1%
% Correct
Dan Poole
50%
Owen Roberts Thomas
44.4%
Juliana Dorairaj
44.4%
Nicola Williams
44.4%
Kayleigh Rees
38.9%
Francesca Whebell
38.9%
Reena Ramchurn
38.9%
Phil Allman
33.3%
Gavin Allen
33.3%
Mark Pritchard
27.8%
Lucie Stoker
22.2%
Lauren Seagar
11.1%
Rhodri Jones
5.6%

You're not logged in!

Compare scores with friends on all Sporcle quizzes.
Join for Free
OR
Log In

You Might Also Like...

Show Comments

Extras

Created Feb 1, 2011ReportNominate
Tags:2010, 2011, cardiff

Top Quizzes Today


Score Distribution

Your Account Isn't Verified!

In order to create a playlist on Sporcle, you need to verify the email address you used during registration. Go to your Sporcle Settings to finish the process.

Report this User

Report this user for behavior that violates our Community Guidelines.

Details: